ARRUPE JESUIT UNIVERSITY

CORONAVIRUS -STOP THE SPREAD - CLEAN,DISINFECT,COVER

Ce qui nous fait penser : (Record no. 124188)

MARC details
000 -LEADER
fixed length control field 01018cam a2200325 a 4500
001 - CONTROL NUMBER
control field 163808
003 - CONTROL NUMBER IDENTIFIER
control field ARRUPE
005 - DATE AND TIME OF LATEST TRANSACTION
control field 20160216094405.0
008 - FIXED-LENGTH DATA ELEMENTS--GENERAL INFORMATION
fixed length control field 980529s1998 fr a b 000 0 fre d
010 ## - LIBRARY OF CONGRESS CONTROL NUMBER
LC control number 98155202
020 ## - INTERNATIONAL STANDARD BOOK NUMBER
International Standard Book Number 2738105173
035 ## - SYSTEM CONTROL NUMBER
System control number (OCoLC)39198022
040 ## - CATALOGING SOURCE
Original cataloging agency FFD
Transcribing agency FFD
Modifying agency CUY
-- FAS
-- DLC
042 ## - AUTHENTICATION CODE
Authentication code lccopycat
050 00 - LIBRARY OF CONGRESS CALL NUMBER
Classification number B67
Item number .C42 1998
082 00 - DEWEY DECIMAL CLASSIFICATION NUMBER
Classification number 100
Edition number 21
300 ## - PHYSICAL DESCRIPTION
Other physical details ill. ;
Dimensions 22 cm.
100 1# - MAIN ENTRY--PERSONAL NAME
Personal name Changeux, Jean-Pierre.
9 (RLIN) 22335
245 10 - TITLE STATEMENT
Title Ce qui nous fait penser :
Remainder of title la nature et la règle /
Statement of responsibility, etc Jean-Pierre Changeux, Paul Ricœur.
260 ## - PUBLICATION, DISTRIBUTION, ETC. (IMPRINT)
Place of publication, distribution, etc Paris :
Name of publisher, distributor, etc O. Jacob,
Date of publication, distribution, etc c1998.
300 ## - PHYSICAL DESCRIPTION
Extent 350 p. :
504 ## - BIBLIOGRAPHY, ETC. NOTE
Bibliography, etc Includes bibliographical references.
650 #0 - SUBJECT ADDED ENTRY--TOPICAL TERM
Topical term or geographic name as entry element Philosophy and science.
9 (RLIN) 19831
650 #0 - SUBJECT ADDED ENTRY--TOPICAL TERM
Topical term or geographic name as entry element Brain.
9 (RLIN) 22336
650 #0 - SUBJECT ADDED ENTRY--TOPICAL TERM
Topical term or geographic name as entry element Neurosciences.
9 (RLIN) 9794
650 #0 - SUBJECT ADDED ENTRY--TOPICAL TERM
Topical term or geographic name as entry element Neuropsychology.
9 (RLIN) 14701
700 1# - ADDED ENTRY--PERSONAL NAME
Personal name Ricœur, Paul.
9 (RLIN) 22337
906 ## - LOCAL DATA ELEMENT F, LDF (RLIN)
a 7
b cbc
c copycat
d 3
e ncip
f 19
g y-gencatlg
942 ## - ADDED ENTRY ELEMENTS (KOHA)
Source of classification or shelving scheme Library of Congress Classification
Koha item type SPC
Holdings
Withdrawn status Lost status Source of classification or shelving scheme Damaged status Not for loan Collection code Home library Current library Shelving location Date acquired Total Checkouts Full call number Barcode Date last seen Price effective from Koha item type
    Library of Congress Classification     Main Collection ARRUPE LIBRARY ARRUPE LIBRARY Main Collection 16/02/2016   B67 .C42 1998 46500006231 16/02/2016 16/02/2016 SPC

 

Arrupe Library. PO Box MP320 Mt Pleasant, Harare, Zimbabwe
263 242 745411|librarian@aju.ac.zw